| Tag |
First Indicator |
Second Indicator |
Subfields |
| LEADER |
00000cam a2200000 4500 |
| 001 |
in00000143739 |
| 005 |
20151005060100.0 |
| 008 |
761112s1950 txu 00010 engm |
| 010 |
|
|
|a 52063049
|
| 035 |
|
|
|a (OCoLC)02555896
|
| 035 |
|
|
|9 AAR3481AM
|
| 040 |
|
|
|a DLC
|c VA@
|d VA@
|d TXA
|d UtOrBLW
|
| 049 |
|
|
|a TXAM
|c [1013162]
|
| 050 |
0 |
0 |
|a HF5006
|b .T37 no.2
|
| 082 |
0 |
|
|a 658.85
|
| 100 |
1 |
|
|a Clutts, Alva M.
|
| 245 |
1 |
0 |
|a Salesmen's expense allowances ;
|b policies of Texas firms /
|c by Alva M. Clutts and E. L. Taylor, Jr.
|
| 264 |
|
1 |
|a Austin :
|b Bureau of Business Research, College of Business Administration, University of Texas,
|c 1950.
|
| 300 |
|
|
|a 21 pages ;
|c 23 cm.
|
| 336 |
|
|
|a text
|b txt
|2 rdacontent
|
| 337 |
|
|
|a unmediated
|b n
|2 rdamedia
|
| 338 |
|
|
|a volume
|b nc
|2 rdacarrier
|
| 490 |
1 |
|
|a Texas. University. Bureau of Business Research. Business guide, no. 2
|
| 650 |
|
0 |
|a Sales personnel
|z Texas.
|
| 700 |
1 |
|
|a Taylor, Elmer Ludendorff,
|d 1921-
|
| 830 |
|
0 |
|a Business guides ;
|v no. 2.
|
| 999 |
|
|
|a MARS
|
| 999 |
f |
f |
|s ca3fcddb-d5ef-383b-b61b-a4ef3b559b45
|i 7fef7567-441d-3eb4-bcab-7f2f95656b9b
|t 0
|
| 952 |
f |
f |
|p ric
|a Texas A&M University
|b Rellis Campus
|c Joint Library Facility
|d Remote Storage
|t 0
|e HF5006 .T37 no.2
|h Library of Congress classification
|i unmediated -- volume
|m A14802776353
|
| 998 |
f |
f |
|a HF5006 .T37 no.2
|t 0
|l Remote Storage
|